" ... of the people, by the people, for the people"; an informal analysis of tax-free public bonds (municipal bonds).

Bibliographic Details
Main Author: Davis, E. H. (Edmund Havens), 1912-
Corporate Author: John Nuveen & Company (Chicago, Ill.)
Format: Book
Language:English
Published: Chicago, John Nuveen & Co. [1958]
Subjects:

MARC

Tag First Indicator Second Indicator Subfields
LEADER 00000cam a2200000 4500
001 in00000055065
005 20231006190239.0
008 750114s1958 ilua 000 0 eng c
010 |a a 59005639  
019 |a 1497946 
035 |a (OCoLC)ocm01139519  
035 |a (OCoLC)1139519  |z (OCoLC)1497946 
035 |a (OCoLC)ocm01139519  
040 |a Indiana. Univ. Libr.  |b eng  |c AKR  |d SER  |d DZM  |d OCLCQ  |d OCLCF  |d OCLCO  |d OCLCQ  |d OCLCO  |d OCLCQ  |d OCLCO  |d OCLCQ  |d OCLCO 
043 |a n-us--- 
050 4 |a KF6775.A7  |b D28 
082 0 4 |a 352.63  |b N989o 1958 
100 1 |a Davis, E. H.  |q (Edmund Havens),  |d 1912- 
245 1 0 |a " ... of the people, by the people, for the people";  |b an informal analysis of tax-free public bonds (municipal bonds). 
260 |a Chicago,  |b John Nuveen & Co.  |c [1958] 
300 |a 151 pages  |b illustrations  |c 26 cm 
336 |a text  |b txt  |2 rdacontent 
337 |a unmediated  |b n  |2 rdamedia 
338 |a volume  |b nc  |2 rdacarrier 
500 |a Revised printing; first printing entered under Nuveen (John) and Company, Chicago. 
650 0 |a State bonds  |z United States. 
650 0 |a Municipal bonds  |z United States. 
650 6 |a Obligations d'États fédérés  |z États-Unis. 
650 6 |a Obligations municipales  |z États-Unis. 
650 7 |a Municipal bonds.  |2 fast  |0 (OCoLC)fst01029183 
650 7 |a State bonds.  |2 fast  |0 (OCoLC)fst01131756 
651 7 |a United States.  |2 fast  |0 (OCoLC)fst01204155 
710 2 |a John Nuveen & Company (Chicago, Ill.).  |t ... of the people, by the people, for the people. 
776 0 8 |i Online version:  |a Davis, E.H. (Edmund Havens), 1912-  |t " ... of the people, by the people, for the people".  |d Chicago, John Nuveen & Co. [1958]  |w (OCoLC)654284483 
948 |h HELD BY TXA - 115 OTHER HOLDINGS 
994 |a Z0  |b TXA 
999 f f |s 96fe36ee-33a7-37b6-87a7-3855b72dd530  |i c999d9c7-3011-36ba-9ad9-094cf8605e21  |t 0 
952 f f |p ric  |a Texas A&M University  |b Rellis Campus  |c Joint Library Facility  |d Remote Storage  |t 0  |e KF6775.A7 D28 1958  |h Library of Congress classification  |i unmediated -- volume  |m A14800736250 
998 f f |a KF6775.A7 D28 1958  |t 0  |l Remote Storage